| 000 | 00627nam a22001577a 4500 | ||
|---|---|---|---|
| 999 |
_c41287 _d41287 |
||
| 003 | OSt | ||
| 005 | 20210413115413.0 | ||
| 008 | 210413b ||||| |||| 00| 0 eng d | ||
| 040 | _coclc | ||
| 082 |
_a297.61 _bBAH/P |
||
| 100 |
_91928 _aBahjeth, Ahamed |
||
| 245 |
_aPravachakanmar/ _bpart1-7 _cAhmed Bahjath |
||
| 260 |
_aKozhikode: _bIslamic Publishing House, |
||
| 505 | _apart1 Adam Nooh Hood Swalih; part2 Ibrahim,Yusuf; part3 Moosa Nabi; part4 Davoodum Sulaimanum; part5 Ayoob, Younus, Usair, Zakariya, Yahya; part6 Esaa Nabi; part7 Muhammad Nabi | ||
| 942 |
_2ddc _cBK _h297.61 _iBAH/P _k297.61 _mBAH/P |
||